Elementary course in probability for the cryptanalyst / (Record no. 188717)
[ view plain ]
| 000 -LEADER | |
|---|---|
| fixed length control field | 01063 a2200181 4500 |
| 003 - CONTROL NUMBER IDENTIFIER | |
| control field | Nust |
| 005 - DATE AND TIME OF LATEST TRANSACTION | |
| control field | 20230113125312.0 |
| 020 ## - INTERNATIONAL STANDARD BOOK NUMBER | |
| International Standard Book Number | 0894120727 |
| 040 ## - CATALOGING SOURCE | |
| Transcribing agency | Nust |
| 082 ## - DEWEY DECIMAL CLASSIFICATION NUMBER | |
| Classification number | 355.3432,GLE |
| 100 ## - MAIN ENTRY--PERSONAL NAME | |
| Personal name | Gleason M, Andrew |
| 9 (RLIN) | 106800 |
| 245 ## - TITLE STATEMENT | |
| Title | Elementary course in probability for the cryptanalyst / |
| Statement of responsibility, etc. | Andrew M. Gleason |
| 260 ## - PUBLICATION, DISTRIBUTION, ETC. | |
| Place of publication, distribution, etc. | USA |
| Name of publisher, distributor, etc. | Aegean Park Press |
| Date of publication, distribution, etc. | 1985 |
| 300 ## - PHYSICAL DESCRIPTION | |
| Extent | S-35p |
| 505 ## - FORMATTED CONTENTS NOTE | |
| Formatted contents note | Basic Difinition: Fundamental operations. Chapter 2: Permutation and Combinations. Chapter 3: Combination with Repitation: Pascal's Triangle, Chapter 4: The Binominal Theorulli's; Bernoulli's Theorem, Chapter 5: Binomial Theorem; Generalizes Theorem; Multinokial Theorem, Chapter 6: Event Spaces: Boolean Algevra; Addion of Probabilities, Chapter 7: Gambler's Ruin, Chapter 8: Mean; Standard Deviation, Chapter 9: Philosophy, Chapter 10: The Norma Distributin, Chapter 11: Poisson Distribution, Chapter 12:Tests of Statistical Hypotheses, Chapter 13: Logarithmic Weighting; Chi-square Test. |
| 650 ## - SUBJECT ADDED ENTRY--TOPICAL TERM | |
| Topical term or geographic name entry element | Cryptanalyst |
| 9 (RLIN) | 106801 |
| 942 ## - ADDED ENTRY ELEMENTS (KOHA) | |
| Koha item type | Book |
| Source of classification or shelving scheme | |
| Call number prefix | 355.3432,GLE |
| Withdrawn status | Lost status | Source of classification or shelving scheme | Damaged status | Not for loan | Permanent Location | Current Location | Shelving location | Date acquired | Full call number | Barcode | Date last seen | Price effective from | Koha item type | Public note |
|---|---|---|---|---|---|---|---|---|---|---|---|---|---|---|
| Military College of Signals (MCS) | Military College of Signals (MCS) | General Stacks | 12/12/2016 | 355.3432,GLE | MCS927 | 12/08/2016 | 12/12/2016 | Book | Almirah No.53, Shelf No.2 |
